01450cam a22003374i 4500003000900000005001700009008004100026035002000067040003300087082001500120100003500135245013400170264003800304300003800342336002000380337002400400338002200424505052600446526001000972526001000982526001000992526001001002526000801012526000801020526000801028526000801036526000801044526000801052526000801060650004401068PE-LiUPU20250731172927.0cau s1909 r 000 0 eng d a(Sirsi) a204036 aPE-LiUPUbspacPE-LiUPUerda04a224.5bG771 aGrant Lamson, Justus ,eautor.14aThe eleventh of Daniel, narrated :ba short history of the world from Daniel's day to the day of the Lord /cJustus Grant Lamson. aU.S.A :bHuntington House,c1909. a97 páginas ;c23 centímetros. text2rdacontent unmediated2rdamedia volume2rdacarrier0 aCaptivity of Daniel -- Nebuchadnezzar's dream, and interpretation -- Golden image and fiery furnace -- King driven from men and returned -- Belshazzar's feast, babylon's fall -- Darius, Daniel, and den of lions -- Vision of the four Universal kindoms -- Vision of medo.persia, Grecia, rome nad the time of the cleansing of the heavenly sanctuary -- Vision explained and definite time named for begnning of judgment in heaven -- Daniel seeks further light and Gabriel comes to tell the story of the world from that day on. aSEG42 aSEG41 aSEG40 aSEG39 aP94 aP87 aP86 aP85 aP77 aP76 aP3514aBiblia.pA.T.pDaniel, XIvComentarios.